00214nam a2200085 a 450000500170000000800410001705000170005824500320007565000210010720140513081050.0020606s19uu xx 00 eng d aP 372.7bHOW aHow many elephants in all?. aCounting--Poster